000
00240nam a22000857a 4500
008
160818b xxu||||| |||| 00| 0 eng d
100
_9
167
_a
Blyton E
245
_a
The famous five on a treasure Island-1
260
_a
London
_b
Hodder publication
_c
2004
999
_c
2825
_d
2825